| 000 | 01272cam a22003617a 4500 | ||
|---|---|---|---|
| 999 |
_c14768 _d14768 |
||
| 003 | EG-ScBUE | ||
| 005 | 20191202095646.0 | ||
| 006 | m||||fq||h 00| 0 | ||
| 008 | 101014r20102004enka f 000 0 eng d | ||
| 020 | _a9780521754637 | ||
| 020 | _a9780521754644 | ||
| 020 | _a9780521754651 | ||
| 040 |
_aEG-ScBUE _beng _erda _cEG-ScBUE _dEG-ScBUE |
||
| 082 | 0 | 4 |
_a428.34 _bGAM _222 |
| 100 | 1 |
_aGammidge, Mick, _eauthor. _920370 |
|
| 245 | 1 | 0 |
_aSpeaking extra : _ba resource book of multi-level skills activities / _cMick Gammidge. |
| 250 | _aEighth printing. | ||
| 264 | 1 |
_aCambridge : _bCambridge University Press, _c2010. |
|
| 300 |
_a127 pages : _billustrations ; _c30 cm + _e1 sound disk (digital; 4 3/4 in.). |
||
| 336 |
_2rdacontent _atext _btxt |
||
| 336 |
_asounds _bsnd _2rdacontent |
||
| 337 |
_2rdamedia _aunmediated _bn |
||
| 337 |
_aaudio _bs _2rdamedia |
||
| 338 |
_2rdacarrier _avolume _bnc |
||
| 338 |
_2rdacarrier _acomputer disc _bcd |
||
| 490 | 0 | _aCambridge copy collection | |
| 590 | _amahmoud sami | ||
| 650 | 7 |
_aEnglish language _xStudy and teaching _xForeign speakers. _2BUEsh _910860 |
|
| 650 | 7 |
_aEnglish language _xSpoken English _xProblems, exercises, etc. _2BUEsh |
|
| 653 |
_bHHUUEENN _cDecember2019 |
||
| 655 | _vReading book | ||
| 942 |
_2ddc _cBB |
||